000 00674nam a22002177a 4500
003 OSt
005 20251124125203.0
008 251124b |||||||| |||| 00| 0 eng d
020 _a978-1805124962
020 _a9781805124964
040 _cDDC
082 _a006.1 ART 2024
100 _aKolosnjaji, Bojan; [et...al]
_919532
245 _aArtificial Intelligence for Cybersecurity: develop AI approaches to solve cybersecurity problems in your organization
260 _aUS;
_bWiley, 2024
300 _axv,255p.; Ill: 22cm
504 _aReferences, & Index included
650 _aArtificial Intelligence
_9493
650 _aCybersecurity
_919533
942 _2ddc
_cO_SHELF
999 _c9599
_d9599